000 00246nam a2200097Ia 4500
008 200302s9999 xx 000 0 und d
100 _aAuthor
245 _aMistakes can be your Best Friends
260 _bWalter T. Foster Publication
300 _a 36 P.,
999 _c570
_d570